NLSUI OPAC header image

Historiography : A history of historical writing (Record no. 32356)

MARC details
000 -LEADER
fixed length control field 01442nam a2200217Ia 4500
003 - CONTROL NUMBER IDENTIFIER
control field OSt
005 - DATE AND TIME OF LATEST TRANSACTION
control field 20210525132853.0
008 - FIXED-LENGTH DATA ELEMENTS--GENERAL INFORMATION
fixed length control field 160316s2005 xxu||||| |||| 00| 0 eng d
020 ## - INTERNATIONAL STANDARD BOOK NUMBER
International Standard Book Number 9788180691553
040 ## - CATALOGING SOURCE
Transcribing agency n
082 ## - DEWEY DECIMAL CLASSIFICATION NUMBER
Classification number 907.200000
Item number SHA
100 ## - MAIN ENTRY--PERSONAL NAME
Personal name Sharma Tej Ram
245 ## - TITLE STATEMENT
Title Historiography : A history of historical writing
260 ## - PUBLICATION, DISTRIBUTION, ETC.
Place of publication, distribution, etc. New Delhi
Name of publisher, distributor, etc. Concept Publishing Co.
Date of publication, distribution, etc. 2005
300 ## - PHYSICAL DESCRIPTION
Extent 188p
Dimensions x
365 ## - TRADE PRICE
Price amount Rs. 350
505 ## - FORMATTED CONTENTS NOTE
Formatted contents note Contents: <br/>Preface. <br/>I. History of historical writings: <br/>1. Historical writings in the ancient world. <br/>2. Historical writings in middle ages. <br/>3. The modern historiography--approaches and trends. <br/>II. Approaches to history: <br/>4. Nature and interpretation of history. <br/>5. Developments in historiography during the nineteenth and twentieth centuries. <br/>6. Twentieth century historiography. <br/>7. Ethological or socio-biological view of history. <br/>8. Nationalist approach to history. <br/>9. Marxism and historical writing. <br/>10. Subaltern historiography. <br/>11. Women's history. <br/>12. The Annales tradition--French school of historians. <br/>13. Psychoanalysis and history. <br/>14. Oral history. <br/>15. Text books. <br/>16. American historiography during the nineteenth and twentieth centuries. <br/>17. Communal approach to history. <br/>18. Local and regional approach to history. <br/>19. Historiophoty. <br/>Bibliography. <br/>Index
650 ## - SUBJECT ADDED ENTRY--TOPICAL TERM
Topical term or geographic name entry element 1. Historiography
700 ## - ADDED ENTRY--PERSONAL NAME
Personal name
--
942 ## - ADDED ENTRY ELEMENTS (KOHA)
Source of classification or shelving scheme Dewey Decimal Classification
Koha item type BOOKs
Holdings
Withdrawn status Lost status Damaged status Not for loan Home library Current library Shelving location Date acquired Cost, normal purchase price Total Checkouts Full call number Barcode Date last seen Price effective from Koha item type
        . .   30.05.2017 350.00   907.2 SHA 29315 30.05.2017 30.05.2017 BOOKs